FIDIC Conditions of contract for EPC turnkey projects - the silver book problems in store? (Record no. 66758)

MARC details
000 -LEADER
fixed length control field 01294cam a2200241 4500
001 - CONTROL NUMBER
control field ABS63805
008 - FIXED-LENGTH DATA ELEMENTS--GENERAL INFORMATION
fixed length control field 000000n2000 000 0 eng u
035 ## - SYSTEM CONTROL NUMBER
System control number (Sirsi) u112098
100 ## - MAIN ENTRY--PERSONAL NAME
Personal name Henchie, N.
245 ## - TITLE STATEMENT
Title FIDIC Conditions of contract for EPC turnkey projects - the silver book problems in store?
260 ## - PUBLICATION, DISTRIBUTION, ETC.
Date of publication, distribution, etc. 2000
490 ## - SERIES STATEMENT
Series statement International Construction Law Review
Volume/sequential designation 18(1) January 2001, 41-55(15)
520 ## - SUMMARY, ETC.
Summary, etc. Reviews Fidic's "Conditions of Contract for EPC Turnkey Contracts" (known as the Silver Book) explaining the circumstances for using this contract. Discusses the allocation of risk, unforeseen ground conditions, site data, fitness for purpose, employer's control, claims and the role of the Dispute Adjudication Board . Looks at the 'Silver Book' under English Law with particular reference to fitness for purpose, consequential loss and delay damages.
590 ## - LOCAL NOTE (RLIN)
Local note ABS
650 ## - SUBJECT ADDED ENTRY--TOPICAL TERM
Topical term or geographic name entry element BUILT ENVIRONMENT-BUILDING CONTRACT FORMS-STANDARD FORMS OF BUILDING CONTRACT-INTERNATIONAL FEDERATION OF CONSULTING ENGINEERS CONTRACTS
650 ## - SUBJECT ADDED ENTRY--TOPICAL TERM
Topical term or geographic name entry element INTERNATIONAL LAW
650 ## - SUBJECT ADDED ENTRY--TOPICAL TERM
Topical term or geographic name entry element EPC CONTRACTS
650 ## - SUBJECT ADDED ENTRY--TOPICAL TERM
Topical term or geographic name entry element ENGLISH LAW
650 ## - SUBJECT ADDED ENTRY--TOPICAL TERM
Topical term or geographic name entry element ALLOCATION OF RISK
650 ## - SUBJECT ADDED ENTRY--TOPICAL TERM
Topical term or geographic name entry element TURNKEY CONTRACTS
690 ## - LOCAL SUBJECT ADDED ENTRY--TOPICAL TERM (OCLC, RLIN)
Topical term or geographic name as entry element BUILDING AND CONSTRUCTION-CONTRACTS-OTHER CONTRACTS
942 ## - ADDED ENTRY ELEMENTS (KOHA)
Suppress in OPAC 0
Holdings
Withdrawn status Lost status Source of classification or shelving scheme Damaged status Not for loan Home library Current library Shelving location Date acquired Total Checkouts Full call number Barcode Date last seen Copy number Price effective from Koha item type
    Dewey Decimal Classification     London London Journal article 23/04/2001   ABS63805 112098-1001 06/08/2019 1 06/08/2019 Journal article